Neznáma kapitola zo života profesora Valerija Alexandroviča Pogorielova

Bibliographic Details
Main Authors: Matejko, Ľubor, 1964- (Author), Rymarenková, Tatiana (Author)
Format: Article
Language:Slovak
ISSN:0037-6787
Subjects:

MARC

LEADER 00000nab a2200000 a 4500
001 vtls000821535
003 SK-MaSNL
005 20260304114533.0
008 250429c2002 xo 0 slo
015 |a SNBRB2003/01-01054 
035 |a CLN000173190 
035 |a urn:nbn:sk:snk-ab2hjg 
035 |a (urnnbn)urn:nbn:sk:snk:ar-a02fik 
035 |a (uuid)72a46a7a-a44a-4fd9-b1f0-e05ccca033f3 
040 |a SNKBUCL  |b slo  |c SNKBUCL  |e AACR2 
041 0 |a slo 
044 |a xo  |c SK 
080 |a 801-051  |2 1997 
080 |a 808.2-051  |2 1997 
080 |a 929 Pogorjelov, Valerij Aleksandrovič  |2 1997 
100 1 |a Matejko, Ľubor,  |d 1964-  |4 aut  |9 217338 
245 1 0 |a Neznáma kapitola zo života profesora Valerija Alexandroviča Pogorielova  |c Ľubor Matejko, Tatiana Rymarenková 
504 |a Bibliogr. odkazy 
600 1 7 |a Pogorjelov, Valerij Aleksandrovič  |d 1872-1955  |2 snkbucl  |9 1419559 
655 7 |a články z novín a časopisov  |2 snkbucl  |9 267496 
700 1 |a Rymarenková, Tatiana  |4 aut  |9 718729 
773 0 |t Slavica slovaca  |g Roč. 37, č. 2 (2002), s. 155-156  |x 0037-6787 
850 |a Slovenská národná knižnica 
852 |a Slovenská národná knižnica 
954 |a odborná, vedecká literatúra pôvodná (slovenská)  |2 lita 
958 |a article27 
958 |a RU 
958 |a BC 
958 |a NB 
958 |a OND 
958 |a EUIPO 
992 |a RBX 
999 |c 2873118  |d 2875048